Vista normal Vista MARC

Entrada Personal Name

Número de registros utilizados en: 1

001 - CONTROL NUMBER

  • control field: 60081

003 - CONTROL NUMBER IDENTIFIER

  • control field: OSt

005 - DATE AND TIME OF LATEST TRANSACTION

  • control field: 20250606160131.0

008 - FIXED-LENGTH DATA ELEMENTS

  • fixed length control field: 250606|| aca||aabn | a|a d

040 ## - CATALOGING SOURCE

  • Original cataloging agency: OSt
  • Transcribing agency: OSt

100 ## - HEADING--PERSONAL NAME

  • Personal name: Renoir, Pierre-Auguste, 1841-1919, Trabajos Pictóricos

670 ## - SOURCE DATA FOUND

  • Source citation: Work cat.: (OSt)57244: Jordá, María J. 48711, Descubriendo el mágico mundo de Renoir /









Instituto Departamental de Cultura del Meta - Red Departamental de Bibliotecas Públicas del Meta.